Daihatsu Car Models Worldwide 2024-25 - Statistics

General Stats
  • This quiz has been taken 104 times
    72 since last reset
  • The average score is 17 of 36
Answer Stats
Hint Answer % Correct
Kei Car Roadster Copen Cero
86%
Kei Car Roadster Copen Robe
86%
Kei Car Roadster Copen XPlay
86%
Kei Car Mira e:S
64%
Kei Car Mira Tocot
64%
Kei Van Hijet Caddie
61%
Midsize Sedan Altis
56%
Kei Truck Hijet
56%
Kei Car Move
53%
Kei Car Move Canbus
53%
Kei Car Move Custom
53%
Kei Car Move Custom X
53%
Subcompact Crossover Terios
53%
Subcompact Crossover Rocky
50%
Subcompact Crossover Rocky Hybrid
50%
Kei Crossover Taft
50%
City Car Ayla
47%
Subcompact Hatchback Sirion
47%
Kei Car Tanto
47%
Kei Car Tanto Custom
47%
Kei Car Tanto Custom RS
47%
Subcompact Hatchback Boon
42%
Subcompact Hatchback Boon Cliq
42%
Kei Car Atrai
39%
Mini MPV Thor
39%
Mini MPV Thor Custom
39%
Mini MPV Thor Premium
39%
Compact MPV Xenia
39%
Kei Car Cast
36%
Kei Car Cast Activa
36%
Kei Car Cast Sport
36%
Mini Truck Gran Max
36%
Mini MPV Sigra
36%
Kei Car Wake
31%
Kei Van Luxio
28%
Kei Truck HiMax
11%
No matching quizzes found
Score Distribution
Percent of People with Each Score
Percentile by Number Answered
Your Score History
You have not taken this quiz since the last reset